| 000 | 00444nam a22001577a 4500 | ||
|---|---|---|---|
| 005 | 20241218134616.0 | ||
| 008 | 241218b |||||||| |||| 00| 0 eng d | ||
| 020 | _a9780521785709 | ||
| 050 |
_aPE1075 _b.B265 BAR |
||
| 100 | _aBARBER,CHARLES | ||
| 245 | _aTHE ENGLISH LANGUAGE A HISTORICAL INTRODUCTION | ||
| 260 |
_aCAMBRIDGE _bCAMBRIDGE UNIVERSITY PRESS _cc2000 |
||
| 300 |
_axi,299p; _bill.; |
||
| 500 | _aincludes index | ||
| 942 |
_2lcc _cBK _n0 |
||
| 999 |
_c2440 _d2440 |
||